| 000 | 00452nam a2200181Ia 4500 | ||
|---|---|---|---|
| 003 | OSt | ||
| 005 | 20260408112801.0 | ||
| 008 | 250729s2005 xx 000 0 und d | ||
| 040 | _cAl | ||
| 041 | _akan | ||
| 082 | _a370.75 PRAS | ||
| 100 |
_aR.G.Prabu _9230865 |
||
| 245 | _aShikshanadalli vrathi margadarshana hagu salahe | ||
| 260 |
_aGadaga _bVidyanidhi Prakashana _c2005 |
||
| 300 | _a260p | ||
| 650 |
_aEducation _9230866 |
||
| 942 |
_2ddc _cBED |
||
| 999 |
_c238995 _d238995 |
||